| 000 | 00384nam a22001217a 4500 | ||
|---|---|---|---|
| 082 | _aTHE 200 | ||
| 100 |
_aMARRIAM WASEEM _934885 |
||
| 245 | _aTH-SOF-0956-COMPARATIVE ANALYSIS OF 3G AND 4G TECHNOLOGIES AND THEIR DEPLOYMENT IN PAKISTAN | ||
| 260 |
_aNUST COLLEGE OF EME _bISLAMABAD _c2001 |
||
| 650 |
_a MS-EM-7 MSTHESIS _969831 |
||
| 700 |
_aDR SHOAB AHMED KHAN _916053 |
||
| 942 | _cCF | ||
| 999 |
_c578621 _d578621 |
||